Lòng em đổi lấy lòng anh

Wedi'i Gadw mewn:
Manylion Llyfryddiaeth
Prif Awdur: Lương, Phụng Nghi
Fformat: Llyfr
Iaith:Undetermined
Cyhoeddwyd: Hà Nội Hội nhà văn 2004
Pynciau:
Tagiau: Ychwanegu Tag
Dim Tagiau, Byddwch y cyntaf i dagio'r cofnod hwn!
Thư viện lưu trữ: Trung tâm Học liệu Trường Đại học Cần Thơ
LEADER 00572nam a2200193Ia 4500
001 CTU_60423
008 210402s9999 xx 000 0 und d
020 |b 27500 
082 |a 895.13 
082 |b Ngh300 
100 |a Lương, Phụng Nghi 
245 0 |a Lòng em đổi lấy lòng anh 
245 0 |c Lương Phụng Nghi; Lê Kỉnh Tâm biên dịch 
260 |a Hà Nội 
260 |b Hội nhà văn 
260 |c 2004 
650 |a Chinese fiction ( vietnamese ) 
904 |i Minh 
980 |a Trung tâm Học liệu Trường Đại học Cần Thơ